Normal view
MARC view
Entry Topical Term
001 - CONTROL NUMBER
- control field: 4954
003 - CONTROL NUMBER IDENTIFIER
- control field: OSt
005 - DATE AND TIME OF LATEST TRANSACTION
- control field: 20150526182246.0
008 - FIXED-LENGTH DATA ELEMENTS
- fixed length control field: 150526|| aca||aabn | a|a d
040 ## - CATALOGING SOURCE
- Original cataloging agency: OSt
- Transcribing agency: OSt
150 ## - HEADING--TOPICAL TERM
- Topical term or geographic name entry element: Analog electronic systems.
670 ## - SOURCE DATA FOUND
- Source citation: Work cat.: (OSt)1885: Basak, Amitava. 4952, Analogue electronic circuits and systems /, 1991.
